000 00438nam a2200169Ia 4500
008 231221s9999 xx 000 0 und d
041 _aEnglish
082 _a001.6424C KER;35
100 _aKernighan, Brian W Ritchie, Dennis M
245 4 _aThe C programming language
250 _a2nd ed.
260 _c1988
_bPHI,
_aNew Delhi
300 _axii+272
500 _aIS Department
650 _aC,programming,language
942 _cBC
999 _c201949
_d201949